[Event "Tuebingen-ch 55th"]
[Site "Tuebingen"]
[Date "1996.??.??"]
[Round "?"]
[White "Ableitner, Andreas"]
[Black "Dreyer, Andre"]
[Result "1/2-1/2"]
[WhiteElo "2050"]
[BlackElo "1930"]
[PlyCount "54"]
[EventDate "1996.??.??"]
[EventType "swiss"]
[EventRounds "9"]
[EventCountry "GER"]
[SourceTitle "EXT 1999"]
[Source "ChessBase"]
[SourceDate "1998.11.16"]
[SourceVersion "1"]
[SourceVersionDate "1998.11.16"]
[SourceQuality "1"]

1. e4 d5 2. exd5 Nf6 3. d4 Nxd5 4. Nf3 g6 5. c4 Nb6 6. Bd2 Bg7 7. Bc3 0-0 8. a4 c5 9. a5 cxd4 10. Bxd4 N6d7 11. Be2 Nc6 12. Bxg7 Kxg7 13. Qd2 e5 14. 0-0 f5 15. Rd1 e4 16. Nd4 Nc5 17. Qc3 Nxd4 18. Rxd4 Qf6 19. Rd6 Qxc3 20. Nxc3 Rf6 21. Rxf6 Kxf6 22. Nd5+ Kf7 23. b4 Na6 24. c5 Be6 25. Nf4 Nxb4 26. Rb1 Nd3 27. Rxb7+ Kf6 1/2-1/2

[Event "Tuebingen-ch 55th"]
[Site "Tuebingen"]
[Date "1996.??.??"]
[Round "?"]
[White "Ableitner, Andreas"]
[Black "Rothfuss, Oliver"]
[Result "1-0"]
[WhiteElo "2050"]
[BlackElo "2000"]
[PlyCount "76"]
[EventDate "1996.??.??"]
[EventType "swiss"]
[EventRounds "9"]
[EventCountry "GER"]
[SourceTitle "EXT 1999"]
[Source "ChessBase"]
[SourceDate "1998.11.16"]
[SourceVersion "1"]
[SourceVersionDate "1998.11.16"]
[SourceQuality "1"]

1. e4 c5 2. Nf3 Nc6 3. d4 cxd4 4. Nxd4 e5 5. Nb3 Nf6 6. Nc3 Bb4 7. Bc4 Ne7 8. 0-0 Ng6 9. f4 Bxc3 10. bxc3 0-0 11. Ba3 Re8 12. f5 Nf4 13. g3 Nh3+ 14. Kg2 Ng5 15. Nc5 b6 16. h4 Ngxe4 17. Nxe4 Bb7 18. Kh2 Nxe4 19. Qh5 Qf6 20. g4 h6 21. Rad1 d5 22. Bb5 Red8 23. Bc1 Qd6 24. g5 d4 25. gxh6 g6 26. fxg6 fxg6 27. Bc4+ Kh7 28. Rf7+ Kh8 29. Qg4 Nf6 30. Qxg6 e4+ 31. Kh1 e3+ 32. Rxb7 Qc6+ 33. Qg2 Qxg2+ 34. Kxg2 Rab8 35. Bd3 Rg8+ 36. Kf3 Rbf8 37. cxd4 Nd5+ 38. Ke4 Nc3+ 1-0

[Event "Tuebingen-ch 55th"]
[Site "Tuebingen"]
[Date "1996.??.??"]
[Round "?"]
[White "Ludwig, Lothar"]
[Black "Ableitner, Andreas"]
[Result "0-1"]
[WhiteElo "1655"]
[BlackElo "2050"]
[PlyCount "40"]
[EventDate "1996.??.??"]
[EventType "swiss"]
[EventRounds "9"]
[EventCountry "GER"]
[SourceTitle "EXT 1999"]
[Source "ChessBase"]
[SourceDate "1998.11.16"]
[SourceVersion "1"]
[SourceVersionDate "1998.11.16"]
[SourceQuality "1"]

1. e4 c5 2. Nf3 d6 3. d4 cxd4 4. Nxd4 Nf6 5. Nc3 a6 6. Be2 e6 7. Be3 Be7 8. 0-0 0-0 9. f4 Qc7 10. Kh1 Nc6 11. Nxc6 bxc6 12. Bd3 e5 13. f5 d5 14. Bd2 Bb7 15. g4 c5 16. Qf3 Rad8 17. Rad1 dxe4 18. Bxe4 Nxe4 19. Nxe4 Rd4 20. Rfe1 Qc6 0-1

[Event "Tuebingen-ch 55th"]
[Site "Tuebingen"]
[Date "1996.??.??"]
[Round "?"]
[White "Sonnberger, Reinhard"]
[Black "Ableitner, Andreas"]
[Result "1-0"]
[WhiteElo "2090"]
[BlackElo "2050"]
[PlyCount "59"]
[EventDate "1996.??.??"]
[EventType "swiss"]
[EventRounds "9"]
[EventCountry "GER"]
[SourceTitle "EXT 1999"]
[Source "ChessBase"]
[SourceDate "1998.11.16"]
[SourceVersion "1"]
[SourceVersionDate "1998.11.16"]
[SourceQuality "1"]

1. e4 c5 2. Nf3 d6 3. d4 cxd4 4. Nxd4 Nf6 5. Nc3 a6 6. Bc4 e6 7. Bb3 Be7 8. Be3 Qc7 9. Qe2 b5 10. a3 Nc6 11. 0-0-0 Bd7 12. Rhg1 Qb7 13. f4 Na5 14. e5 dxe5 15. fxe5 Ne4 16. Nxe4 Qxe4 17. Rgf1 Rc8 18. Kb1 Nxb3 19. Nxb3 Bc6 20. Nc5 Bxc5 21. Qf2 Rc7 22. Bxc5 Qxg2 23. Qd4 Rd7 24. Bd6 Qe4 25. Qb6 Qc4 26. b3 Qe4 27. Rfe1 Qg2 28. Rd3 f5 29. Rg1 Qe4 30. Rc3 1-0